[Event "Michigan Amateur"]
[Site "Kalamazoo "]
[Date "1998.??.??"]
[Round "?"]
[White "Councell, Keith"]
[Black "Saylor, Oliver"]
[Result "1/2-1/2"]
[WhiteElo "1605"]
[BlackElo "1605"]
[PlyCount "113"]
[EventDate "1998.07.??"]

{7/19} 1. e4 e5 2. Nf3 Nc6 3. Bb5 a6 4. Ba4 Nf6 5. d3 b5 6. Bb3 Bd6 7. Bg5 Na5
8. O-O Nxb3 9. axb3 Qe7 10. Nc3 Qe6 11. Nxb5 Bb7 12. Na3 Be7 13. Nc4 d6 14. Ne3
d5 15. Nf5 O-O 16. Bxf6 Bxf6 17. Ng3 dxe4 18. dxe4 a5 19. Qd2 Qb6 20. Rfe1 Be7
21. Nxe5 Rfd8 22. Qf4 Qf6 23. Qxf6 Bxf6 24. Nc4 Bc8 25. Rxa5 Rxa5 26. Nxa5 Bxb2
27. h3 Bc3 28. Nc6 Rd6 29. Ne7+ Kf8 30. Nxc8 Rd8 31. Re3 Bb4 32. Nf5 Rxc8 33.
Rg3 g6 34. Ne3 Ra8 35. f4 Bc5 36. Kf2 Ra2 37. Kg1 Rxc2 38. Kh2 Re2 39. Nd5 Rxe4
40. Nxc7 Bd6 41. Rc3 Rxf4 42. Kg1 Be5 43. Nd5 Bd4+ 44. Kh2 Rf1 45. Rc2 Rb1 46.
b4 Be5+ 47. g3 h5 48. Kg2 Kg7 49. Re2 Bd6 50. g4 hxg4 51. hxg4 Bxb4 52. Re8 Bc5
53. Rc8 Rb2+ 54. Kf3 Rb3+ 55. Kg2 Bd6 56. Rc4 Rd3 57. Nc3 1/2-1/2

[Event "Michigan Class D/E"]
[Site "Grand Rapids, MI"]
[Date "1998.??.??"]
[Round "?"]
[White "Councell, Keith"]
[Black "Roth, Bruce"]
[Result "0-1"]
[WhiteElo "1605"]
[BlackElo "1605"]
[PlyCount "106"]
[EventDate "1998.01.??"]

1. e4 c6 2. Nf3 d5 3. exd5 cxd5 4. d4 Bg4 5. Nc3 e6 6. h3 Bh5 7. Qd3 a6 8. Be2
Nc6 9. a3 Bd6 10. O-O Nf6 11. Nd2 Bg6 12. Qg3 Bxc2 13. Bd3 Bxd3 14. Qxd3 O-O
15. Nf3 h6 16. Be3 b5 17. Rfc1 Rc8 18. b4 Qb6 19. Ne5 Qb7 20. Nf3 Rb8 21. Rc2
Bxb4 22. a4 Bxc3 23. Qxc3 Rfc8 24. Qb3 b4 25. Bf4 Ra8 26. Rb1 a5 27. g4 g5 28.
Bg3 Ne4 29. Bh2 Ne7 30. Rbc1 Rxc2 31. Rxc2 Rc8 32. Ne1 Nc6 33. Nf3 Qb6 34. Kg2
Nc3 35. Rxc3 Qa7 36. Rc1 f6 37. Qe3 Qd7 38. Nd2 Re8 39. Nb3 e5 40. dxe5 fxe5
41. Qb6 Rc8 42. Nxa5 Nxa5 43. Rxc8+ Qxc8 44. Qxa5 Qc4 45. Qd8+ Kf7 46. Qd7+ Kf8
47. Qf5+ Ke8 48. Bxe5 Qc6 49. Qf6 Qxf6 50. Bxf6 b3 51. Kf3 Kd7 52. Ke3 Kc6 53.
Kd4 b2 0-1

[Event "Michigan Amateur"]
[Site "Kalamazoo "]
[Date "1998.??.??"]
[Round "?"]
[White "Councell, Keith"]
[Black "Moulter, Art"]
[Result "1-0"]
[WhiteElo "1605"]
[BlackElo "1605"]
[PlyCount "75"]
[EventDate "1998.07.??"]

{7/18} 1. e4 e5 2. Nf3 Nc6 3. Bb5 a6 4. Bxc6 dxc6 5. Nc3 Bg4 6. O-O Nf6 7. h3
Bh5 8. d3 h6 9. Ne2 Bd6 10. Ng3 Bxf3 11. Qxf3 Qd7 12. Nf5 Rg8 13. Nxg7+ Rxg7
14. Qxf6 Rg6 15. Qf5 Qxf5 16. exf5 Rf6 17. g4 O-O-O 18. b3 Rg8 19. Kh1 Bc5 20.
Bb2 Re8 21. Rae1 Bd6 22. f3 Kd7 23. d4 exd4 24. Rxe8 Kxe8 25. Bxd4 Be7 26. Bxf6
Bxf6 27. Re1+ Kd7 28. Kg2 b5 29. Re4 c5 30. Kg3 c6 31. f4 a5 32. g5 hxg5 33.
fxg5 Bxg5 34. Kg4 Bf6 35. h4 b4 36. h5 Bg7 37. Kg5 Bb2 38. f6 1-0

[Event "Michigan Open Reserve"]
[Site "Flint, MI"]
[Date "1998.??.??"]
[Round "?"]
[White "Councell, Keith"]
[Black "Moore, Robert"]
[Result "0-1"]
[WhiteElo "1605"]
[BlackElo "1610"]
[PlyCount "98"]
[EventDate "1998.09.??"]

1. e4 c5 2. Nf3 d6 3. Nc3 Nf6 4. d4 cxd4 5. Qxd4 Nc6 6. Bb5 Bd7 7. Qc4 e6 8.
Bg5 Be7 9. Rd1 Rc8 10. Bxf6 gxf6 11. Qa4 a6 12. Bd3 Rg8 13. Kf1 Ne5 14. Qb3
Nxd3 15. Rxd3 Bc6 16. Nd4 Bd7 17. Rg3 Kf8 18. Qxb7 Rb8 19. Qxa6 Rxb2 20. Qe2
Qa5 21. Qe3 Qh5 22. Qc1 Rxg3 23. fxg3 Rb4 24. Qd2 Kg7 25. Kf2 Qc5 26. Nce2 e5
27. c3 Rb8 28. Rf1 exd4 29. Qxd4 Qxd4+ 30. Nxd4 Rb2+ 31. Ke3 Rxa2 32. Nf5+ Bxf5
33. Rxf5 Rxg2 34. Rf2 Rxf2 35. Kxf2 Kg6 36. g4 Kg5 37. Kg3 Bd8 38. h4+ Kg6 39.
Kf4 Ba5 40. c4 Bd2+ 41. Kg3 h5 42. Kf3 Be1 43. g5 fxg5 44. hxg5 Kxg5 45. e5
dxe5 46. c5 f5 47. c6 Ba5 48. Kg3 f4+ 49. Kf3 Bc7 0-1

[Event "Michigan Open Reserve"]
[Site "Flint, MI"]
[Date "1998.??.??"]
[Round "?"]
[White "Councell, Keith"]
[Black "Maul, Tim"]
[Result "0-1"]
[WhiteElo "1605"]
[BlackElo "1605"]
[PlyCount "74"]
[EventDate "1998.09.??"]

1. e4 e5 2. Nf3 Nf6 3. Nc3 Bb4 4. d3 d5 5. Bd2 d4 6. Ne2 Bxd2+ 7. Qxd2 Nc6 8.
Qg5 Qe7 9. c3 dxc3 10. Nxc3 Nd4 11. Qxg7 Rg8 12. Nd5 Nxf3+ 13. gxf3 Rxg7 14.
Nxe7 Kxe7 15. Rc1 c6 16. Kd2 Be6 17. a3 Rd8 18. Ke3 Nh5 19. Be2 Nf4 20. Rcd1
Nxe2 21. Kxe2 f5 22. Ke3 f4+ 23. Kd2 Bc4 24. Kc3 Ba6 25. b4 Rg2 26. Rd2 Rdg8
27. d4 exd4+ 28. Rxd4 Rd8 29. e5 Rxd4 30. Kxd4 Rxf2 31. Ke4 Bc4 32. Rg1 Bd5+
33. Kxf4 Rxf3+ 34. Kg5 Rf2 35. h4 Rg2+ 36. Rxg2 Bxg2 37. Kh6 Be4 0-1

[Event "Michigan Class D/E"]
[Site "Grand Rapids, MI"]
[Date "1998.??.??"]
[Round "?"]
[White "Councell, Keith"]
[Black "Cowans, Winston"]
[Result "0-1"]
[WhiteElo "1605"]
[BlackElo "1605"]
[PlyCount "66"]
[EventDate "1998.01.??"]

1. e4 g6 2. d4 Bg7 3. Nf3 d6 4. c3 Nf6 5. d5 O-O 6. Bd3 Bg4 7. h3 Bxf3 8. Qxf3
Nbd7 9. Bf4 c6 10. Bc4 Qb6 11. Bb3 a5 12. a4 Qxb3 13. O-O cxd5 14. Nd2 Qxb2 15.
Rfb1 Qc2 16. Rc1 dxe4 17. Qg3 Qd3 18. f3 Nd5 19. Rd1 Nxc3 20. Ra3 Ne2+ 21. Kh2
Qxa3 22. Qf2 Nxf4 23. fxe4 Qxa4 24. Qxf4 Be5 25. Rf1 Qd4 26. Nf3 Bxf4+ 27. g3
Qb2+ 28. Kh1 Bxg3 29. Rg1 Qf2 30. Rxg3 Qxg3 31. Ne5 Nxe5 32. h4 Nf3 33. e5 Qh2#
0-1

[Event "Michigan Class D/E"]
[Site "Grand Rapids, MI"]
[Date "1998.??.??"]
[Round "?"]
[White "Councell, Keith"]
[Black "Bascomb, A."]
[Result "1/2-1/2"]
[WhiteElo "1605"]
[BlackElo "1605"]
[PlyCount "77"]
[EventDate "1998.01.??"]

1. e4 e5 2. Nf3 Nc6 3. Bb5 Nd4 4. Nxd4 exd4 5. O-O c6 6. Bc4 d5 7. exd5 cxd5 8.
Be2 Nf6 9. Re1 Be7 10. d3 O-O 11. Nd2 Bb4 12. Bf3 Bxd2 13. Bxd2 Be6 14. Bg5 h6
15. Bh4 g5 16. Bg3 g4 17. Be2 Qd7 18. Be5 Nh7 19. Bxd4 b6 20. Qd2 Ng5 21. Bf6
Kh7 22. Bxg5 hxg5 23. Qxg5 Rg8 24. Qd2 d4 25. g3 Rg6 26. Bf1 Rh8 27. Bg2 Rh6
28. c3 Kg7 29. c4 Rxh2 30. Qe2 Qd6 31. f4 gxf3 32. Qxf3 Bh3 33. Re2 Bxg2 34.
Qg4+ Qg6 35. Qxd4+ Kf8 36. Qd8+ Kg7 37. Qd4+ Kf8 38. Qd8+ Kg7 39. Qd4+ 1/2-1/2

[Event "U.S. Amateur North"]
[Site "Detroit, MI"]
[Date "1998.??.??"]
[Round "?"]
[White "Corner, W."]
[Black "Yeager, John"]
[Result "0-1"]
[WhiteElo "1605"]
[BlackElo "1605"]
[PlyCount "94"]
[EventDate "1998.05.??"]

{5/24} 1. e4 d6 2. d4 e6 3. Nf3 Nf6 4. Nc3 Be7 5. e5 Nd5 6. Ne4 c5 7. Be2 cxd4
8. Qxd4 dxe5 9. Qxe5 f6 10. Qh5+ g6 11. Qh6 Bf8 12. Qh4 f5 13. Qxd8+ Kxd8 14.
Bg5+ Be7 15. Be3 fxe4 16. Ne5 Rf8 17. O-O-O Nd7 18. Bd2 Nxe5 19. Rhf1 Ke8 20.
f3 exf3 21. Bxf3 Nxf3 22. gxf3 Nf4 23. Be3 Bg5 24. Bc5 Be7 25. Ba3 Bxa3 26.
bxa3 Bd7 27. Rd6 Ke7 28. Rfd1 Rad8 29. a4 Bxa4 30. Rxd8 Rxd8 31. Rxd8 Kxd8 32.
Kd2 b5 33. c3 a5 34. a3 Nd5 35. h4 b4 36. axb4 axb4 37. cxb4 Nxb4 38. Kc3 Nd5+
39. Kd4 Nf4 40. Ke4 Ng2 41. Ke5 Bd1 42. Kxe6 Bxf3 43. Kf6 Nxh4 44. Kg5 Ng2 45.
Kh6 Nf4 46. Kg5 Ne6+ 47. Kh6 g5 0-1

[Event "U.S. Amateur North"]
[Site "Detroit, MI"]
[Date "1998.??.??"]
[Round "?"]
[White "Corner, W."]
[Black "Thomas, Johnny"]
[Result "0-1"]
[WhiteElo "1605"]
[BlackElo "1870"]
[PlyCount "78"]
[EventDate "1998.05.??"]

{5/23} 1. e4 c5 2. Nc3 a6 3. Nf3 d6 4. d4 cxd4 5. Nxd4 Nf6 6. Be2 e6 7. O-O Be7
8. f4 Qc7 9. Be3 Nc6 10. Qe1 b5 11. a3 h5 12. Qg3 Bb7 13. f5 Nxd4 14. Bxd4 e5
15. Qxg7 Rg8 16. Nd5 Bxd5 17. Qh6 Bxe4 18. Bf3 exd4 19. Rad1 d5 20. Qd2 O-O-O
21. g3 Ng4 22. Bxg4 Rxg4 23. f6 Bd6 24. Rf2 Rdg8 25. Qxd4 h4 26. Kf1 hxg3 27.
hxg3 Bc5 28. Qd2 Bxf2 29. Qxf2 Qc4+ 30. Ke1 Rxg3 31. Rd4 Rg1+ 32. Kd2 Qxc2+ 33.
Ke3 R8g3+ 34. Qxg3 Rxg3+ 35. Kf4 Qf2+ 36. Ke5 Rg5+ 37. Kd6 Qxd4 38. Ke7 Qc5+
39. Kxf7 Kd7 0-1

[Event "U.S. Amateur North"]
[Site "Detroit, MI"]
[Date "1998.??.??"]
[Round "?"]
[White "Corner, W."]
[Black "Parker, Harvard"]
[Result "0-1"]
[WhiteElo "1605"]
[BlackElo "1605"]
[PlyCount "50"]
[EventDate "1998.05.??"]

{5/23} 1. e4 d5 2. Nc3 dxe4 3. Nxe4 e5 4. Nf3 Bd6 5. d4 Bg4 6. Be2 Nd7 7. Be3
f5 8. Qd3 fxe4 9. Qxe4 Ngf6 10. Qxb7 O-O 11. O-O-O e4 12. Bc4+ Kh8 13. Bg5 exf3
14. gxf3 Rb8 15. Qc6 Rb6 16. Bd5 Rxc6 17. Bxc6 Be6 18. d5 Bf5 19. Rhe1 Ne5 20.
Bb5 Nxf3 21. Re3 Nxg5 22. Rde1 Bf4 23. Kb1 Bxe3 24. Rxe3 Qxd5 25. Bd3 Qh1+ 0-1

[Event "Michigan Class A"]
[Site "Grand Rapids, MI"]
[Date "1998.??.??"]
[Round "?"]
[White "Conlon, Russell"]
[Black "Smith, Mike A"]
[Result "1-0"]
[WhiteElo "1875"]
[BlackElo "1945"]
[PlyCount "71"]
[EventDate "1998.01.??"]

1. d4 Nf6 2. c4 c5 3. d5 b5 4. cxb5 a6 5. bxa6 Bxa6 6. Nf3 g6 7. g3 Bg7 8. Bg2
d6 9. O-O O-O 10. Nc3 Nbd7 11. Qc2 Ng4 12. h3 Nge5 13. Re1 Qa5 14. Nd2 Rfb8 15.
f4 Nc4 16. Nxc4 Bxc4 17. Bd2 Qc7 18. b3 Ba6 19. Kh2 c4 20. Rab1 cxb3 21. axb3
Rc8 22. Rec1 Qb6 23. Qe4 Nc5 24. Qe3 Qd8 25. b4 Nd7 26. b5 Bb7 27. Qe4 Nb6 28.
Qb4 Rc4 29. Qb3 Rac8 30. Na2 Qc7 31. Nb4 Qc5 32. Nc6 Bxc6 33. bxc6 Rxc1 34.
Rxc1 Qf2 35. Be3 Qxe2 36. Qxb6 1-0

[Event "Michigan Amateur"]
[Site "Kalamazoo "]
[Date "1998.??.??"]
[Round "?"]
[White "Conlon, Russell"]
[Black "Poniatowski, Don"]
[Result "1-0"]
[WhiteElo "1910"]
[BlackElo "1605"]
[PlyCount "75"]
[EventDate "1998.07.??"]

{7/18} 1. d4 Nf6 2. c4 e6 3. Nf3 c5 4. d5 exd5 5. cxd5 d6 6. Nc3 g6 7. Nd2 Bg7
8. Nc4 O-O 9. Bf4 Ne8 10. a4 a6 11. a5 Kh8 12. h4 h5 13. e3 Bf5 14. Bd3 Bxd3
15. Qxd3 Kh7 16. Ne4 Ra7 17. Nexd6 Nxd6 18. Bxd6 Re8 19. Bxc5 Ra8 20. Nb6 Nd7
21. Nxd7 Qxd7 22. Rb1 Rac8 23. b4 Qg4 24. Kf1 Qd7 25. f3 Re5 26. e4 Ree8 27.
Kf2 Re5 28. Rhc1 Ree8 29. Rc2 Be5 30. Rbc1 Bg7 31. Bb6 Rxc2+ 32. Rxc2 Qd6 33.
Bc7 Qd7 34. Bf4 Rc8 35. Rxc8 Qxc8 36. d6 Qd7 37. Qc4 Qa4 38. Kg3 1-0

[Event "Michigan Class A"]
[Site "Grand Rapids, MI"]
[Date "1998.??.??"]
[Round "?"]
[White "Conlon, Russell"]
[Black "Hobbs, Raymond"]
[Result "0-1"]
[WhiteElo "1875"]
[BlackElo "1895"]
[PlyCount "84"]
[EventDate "1998.01.??"]

1. d4 Nf6 2. c4 e6 3. Nf3 b6 4. a3 Bb7 5. Nc3 d6 6. d5 exd5 7. cxd5 Nbd7 8. g3
g6 9. Bg2 Bg7 10. O-O O-O 11. Nd4 Qe7 12. h3 Nc5 13. Be3 Nfe4 14. Nxe4 Nxe4 15.
Qd3 Bxd5 16. Nf5 gxf5 17. Qxd5 Nxg3 18. fxg3 Qxe3+ 19. Kh2 Be5 20. Rf3 Qxe2 21.
Rxf5 Qxb2 22. Raf1 c6 23. Qf3 f6 24. Qxc6 Rac8 25. Qd5+ Kh8 26. Rh5 Rc7 27. Qe4
Qxa3 28. Rf3 Qb2 29. Qf5 Rg7 30. Kh1 a5 31. Bf1 Qc1 32. g4 Rff7 33. Rf2 Qc6+
34. Rg2 a4 35. Bd3 Qc1+ 36. Bf1 Qf4 37. Qc8+ Rg8 38. Qc4 Qxc4 39. Bxc4 Rc7 40.
Bxg8 Rc1+ 41. Rg1 Rxg1+ 42. Kxg1 Kxg8 0-1

[Event "Michigan Amateur"]
[Site "Kalamazoo "]
[Date "1998.??.??"]
[Round "?"]
[White "Conlon, Russell"]
[Black "Griffin, John"]
[Result "1-0"]
[WhiteElo "1910"]
[BlackElo "1605"]
[PlyCount "85"]
[EventDate "1998.07.??"]

{7/18} 1. d4 Nf6 2. Nc3 e6 3. e4 d6 4. Bg5 Be7 5. Nf3 c6 6. Bd3 Qb6 7. a3 h6 8.
Bxf6 Bxf6 9. e5 dxe5 10. dxe5 Be7 11. O-O Nd7 12. Bc4 O-O 13. Qe2 Rd8 14. Rfd1
Nf8 15. Rxd8 Qxd8 16. Qe4 Qc7 17. Bd3 Bd7 18. Qg4 Be8 19. h4 Kh8 20. Qg3 a6 21.
Ne4 f5 22. Ned2 c5 23. a4 Rd8 24. a5 Bb5 25. Nc4 Bxc4 26. Bxc4 Rd7 27. Qf4 Qd8
28. Be2 Kg8 29. h5 Bg5 30. Qc4 Be7 31. Bd3 Kh7 32. g4 g6 33. hxg6+ Kxg6 34.
gxf5+ exf5 35. Qg4+ Bg5 36. Bxf5+ Kf7 37. e6+ Nxe6 38. Bxe6+ Ke7 39. Bxd7 Qxd7
40. Re1+ Kd8 41. Qxd7+ Kxd7 42. Nxg5 hxg5 43. Re5 1-0

[Event "Michigan Class D/E"]
[Site "Grand Rapids, MI"]
[Date "1998.??.??"]
[Round "?"]
[White "Conlon, G."]
[Black "Engstrom, Nate"]
[Result "1-0"]
[WhiteElo "1605"]
[BlackElo "1605"]
[PlyCount "57"]
[EventDate "1998.01.??"]

1. d4 d5 2. Nf3 Nf6 3. Bf4 e6 4. e3 c5 5. c3 Nbd7 6. h3 Qb6 7. Qb3 Qxb3 8. axb3
Be7 9. Bd3 O-O 10. O-O Ne8 11. Nbd2 Bd6 12. Ne5 f6 13. Nxd7 Bxd7 14. Bxd6 Nxd6
15. dxc5 Nf7 16. Rfe1 Ne5 17. Be2 Bc6 18. f4 Nd7 19. b4 f5 20. b5 Nxc5 21. bxc6
bxc6 22. b4 Nd7 23. Ra6 Rfc8 24. Rea1 Rc7 25. Nf3 h6 26. Nd4 e5 27. Rxc6 Rxc6
28. Nxc6 Rc8 29. Ne7+ 1-0

[Event "Michigan Class D/E"]
[Site "Grand Rapids, MI"]
[Date "1998.??.??"]
[Round "?"]
[White "Conlon, G."]
[Black "Belill, Nathan"]
[Result "0-1"]
[WhiteElo "1605"]
[BlackElo "1605"]
[PlyCount "70"]
[EventDate "1998.01.??"]

1. d4 Nf6 2. Nf3 g6 3. Bf4 Bg7 4. e3 O-O 5. h3 d6 6. Be2 c5 7. c3 cxd4 8. exd4
Nbd7 9. O-O Nd5 10. Bh2 N7f6 11. Nbd2 Bd7 12. a4 Rc8 13. Qb3 Qb6 14. Bc4 Qxb3
15. Bxb3 Bc6 16. Rfe1 Rfe8 17. Rac1 Bh6 18. Bc2 Nf4 19. Bxf4 Bxf4 20. Ra1 Nd5
21. Bb3 Bxd2 22. Nxd2 Nf4 23. Nf3 Bxf3 24. gxf3 Nxh3+ 25. Kg2 Nf4+ 26. Kg3 g5
27. Rh1 Kg7 28. Rxh7+ Kxh7 29. Rh1+ Kg7 30. Bxf7 Kxf7 31. Kg4 Rh8 32. Rd1 Kf6
33. Rd2 Rh4+ 34. Kg3 Rh3+ 35. Kg4 Rch8 0-1

[Event "Lansing Mini-Swiss.2"]
[Site "Lansing, MI"]
[Date "1998.??.??"]
[Round "?"]
[White "Collazo, C."]
[Black "Carl, Kevin"]
[Result "1-0"]
[WhiteElo "1605"]
[BlackElo "1605"]
[PlyCount "73"]
[EventDate "1998.??.??"]

1. e4 c5 2. d4 cxd4 3. c3 dxc3 4. Nxc3 Nc6 5. Nf3 d6 6. Bc4 a6 7. O-O Nf6 8.
Qe2 Bg4 9. Bf4 e5 10. Be3 h6 11. Rfd1 Be6 12. Nd5 Bxd5 13. Bxd5 Nxd5 14. Rxd5
Be7 15. Rad1 Qc7 16. Rc1 O-O 17. a4 b6 18. b4 Qb7 19. Qb2 Nb8 20. Qc2 Nd7 21.
Rdd1 Rfc8 22. Qd3 f5 23. Qb3+ Kh8 24. exf5 Rxc1 25. Rxc1 d5 26. Qc3 Bd6 27. f6
gxf6 28. Bxh6 Rg8 29. Nh4 d4 30. Qh3 Bxb4 31. Bd2 Rg7 32. Bxb4 e4 33. Qf5 e3
34. fxe3 dxe3 35. Qh5+ Kg8 36. Qe8+ Kh7 37. Rc8 1-0

[Event "Michigan Amateur"]
[Site "Kalamazoo "]
[Date "1998.??.??"]
[Round "?"]
[White "Coleman, John"]
[Black "Scriber, Darin"]
[Result "1-0"]
[WhiteElo "1920"]
[BlackElo "1605"]
[PlyCount "53"]
[EventDate "1998.07.??"]

{7/18} 1. d4 Nf6 2. c4 e5 3. d5 Bc5 4. Nc3 d6 5. Nf3 Bg4 6. Qd3 O-O 7. e4 h6 8.
a3 Re8 9. Be2 Nfd7 10. b4 Bb6 11. O-O a5 12. Bd2 Nf8 13. Be3 Bxe3 14. Qxe3 Nbd7
15. c5 axb4 16. axb4 dxc5 17. bxc5 c6 18. Nd2 Bxe2 19. Nxe2 cxd5 20. exd5 Qc7
21. Ne4 Rxa1 22. Rxa1 f5 23. Nd6 Re7 24. Nxf5 Rf7 25. Nd6 Rf6 26. Ne8 Qxc5 27.
Nxf6+ 1-0

[Event "Michigan Amateur"]
[Site "Kalamazoo "]
[Date "1998.??.??"]
[Round "?"]
[White "Coleman, John"]
[Black "Conlon, Russell"]
[Result "1-0"]
[WhiteElo "1920"]
[BlackElo "1910"]
[PlyCount "73"]
[EventDate "1998.07.??"]

{7/19} 1. d4 c5 2. d5 e6 3. c4 exd5 4. cxd5 d6 5. Nc3 g6 6. e4 Bg7 7. Be2 Ne7
8. Nf3 Bg4 9. Nd2 Bxe2 10. Qxe2 O-O 11. O-O Na6 12. Nc4 Nc7 13. Bf4 Nc8 14. a4
b6 15. Qe3 Qe7 16. Qg3 Rd8 17. Rfe1 Be5 18. Nxe5 dxe5 19. Bxe5 Nd6 20. Bxd6
Qxd6 21. e5 Qd7 22. d6 Ne6 23. Nd5 Qb7 24. Nf6+ Kg7 25. h4 Nd4 26. Rad1 Nf5 27.
Qg4 h6 28. h5 Nxd6 29. exd6 Kxf6 30. Re7 Qc8 31. Qc4 Rf8 32. Qc3+ Kg5 33. f4+
Kxf4 34. Qf6+ Qf5 35. Rf1+ Kg4 36. Rxf5 gxf5 37. Re5 1-0

[Event "Michigan Beginners"]
[Site "Grand Rapids, MI"]
[Date "1998.??.??"]
[Round "?"]
[White "Cokewell, M."]
[Black "Lemke, R."]
[Result "1-0"]
[WhiteElo "1605"]
[BlackElo "1605"]
[PlyCount "74"]
[EventDate "1998.01.??"]

1. e4 e6 2. d4 d5 3. e5 Ne7 4. Bd3 Ng6 5. Nf3 c5 6. Be3 Nc6 7. c3 b6 8. Na3
cxd4 9. Nxd4 Bd7 10. Nab5 Qb8 11. Nxc6 Bxc6 12. Nd6+ Bxd6 13. exd6 Qxd6 14. Qd2
Ne5 15. Be2 d4 16. O-O d3 17. b3 Rd8 18. Bd1 g6 19. Bg5 Rd7 20. Bf6 Rg8 21. Re1
Qd5 22. f3 Ng4 23. h3 Nxf6 24. Re3 Qg5 25. Rxe6+ fxe6 26. Qxg5 d2 27. Qxf6 Rf8
28. Qxe6+ Kd8 29. Qxc6 Re8 30. Qf6+ Ree7 31. Qh4 Ke8 32. Kf1 g5 33. Qf2 Rd3 34.
Rb1 Rxc3 35. Qxd2 Rce3 36. Be2 R3e6 37. Rc1 Rd7 1-0

[Event "Michigan Beginners"]
[Site "Grand Rapids, MI"]
[Date "1998.??.??"]
[Round "?"]
[White "Cokewell, M."]
[Black "Avery, Robert"]
[Result "1-0"]
[WhiteElo "1605"]
[BlackElo "1605"]
[PlyCount "35"]
[EventDate "1998.01.??"]

1. e4 e5 2. Nf3 Nc6 3. d4 exd4 4. Nxd4 Nf6 5. Nc3 Bc5 6. Be3 d5 7. Nxc6 bxc6 8.
Bxc5 Nxe4 9. Nxe4 dxe4 10. Qxd8+ Kxd8 11. O-O-O+ Bd7 12. Bc4 Kc8 13. Bxf7 Be8
14. Be6+ Kb7 15. Rd4 Bg6 16. Rb4+ Ka6 17. Bc4+ Ka5 18. b3 1-0

[Event "Michigan Open Reserve"]
[Site "Flint, MI"]
[Date "1998.??.??"]
[Round "?"]
[White "Clay, C."]
[Black "Scioly, Tony"]
[Result "0-1"]
[WhiteElo "1605"]
[BlackElo "1605"]
[PlyCount "74"]
[EventDate "1998.09.??"]

1. e4 c5 2. d4 cxd4 3. c3 dxc3 4. Nxc3 e6 5. Nf3 Bb4 6. Bc4 Nc6 7. O-O Nge7 8.
Bg5 O-O 9. Qd3 Qe8 10. Bb3 Bxc3 11. Qxc3 d5 12. exd5 Nxd5 13. Qd3 Ncb4 14. Qe4
Bd7 15. Qg4 f5 16. Qg3 Qh5 17. Rad1 f4 18. Qh4 Qxh4 19. Nxh4 Bc6 20. Nf3 h6 21.
Bh4 a5 22. g3 g5 23. Nxg5 hxg5 24. Bxg5 fxg3 25. fxg3 Rxf1+ 26. Rxf1 Rf8 27.
Rxf8+ Kxf8 28. Bd2 a4 29. Bxb4+ Nxb4 30. Bxe6 Bd5 31. Bxd5 Nxd5 32. Kg2 Nb4 33.
b3 a3 34. h4 Nxa2 35. h5 Nc3 36. h6 a2 37. h7 Kg7 0-1

[Event "Michigan Open Reserve"]
[Site "Flint, MI"]
[Date "1998.??.??"]
[Round "?"]
[White "Clay, C."]
[Black "Saylor, Oliver"]
[Result "0-1"]
[WhiteElo "1605"]
[BlackElo "1605"]
[PlyCount "73"]
[EventDate "1998.09.??"]

1. e4 e5 2. Nc3 Nc6 3. f4 Nf6 4. fxe5 Nxe5 5. d4 Nc6 6. e5 Ng8 7. Nf3 d6 8. Bb5
Bd7 9. O-O dxe5 10. dxe5 Bc5+ 11. Kh1 a6 12. Bxc6 Bxc6 13. Qxd8+ Rxd8 14. Ng5
Nh6 15. e6 f6 16. Nge4 Bb6 17. Bxh6 gxh6 18. Rae1 f5 19. Nf6+ Ke7 20. Nh5 Rd2
21. Nf4 Rg8 22. Nce2 h5 23. h4 Be3 24. Kh2 Rg4 25. Rd1 Bxf4+ 26. Nxf4 Rxd1 27.
Rxd1 Rxf4 28. Kg3 Rg4+ 29. Kh3 Rxg2 30. Rd7+ Bxd7 31. Kxg2 Kxe6 32. Kf3 Ke5 33.
c4 Kd4 34. b3 Kc3 35. Kf4 Kb2 36. Kg5 h6+ 37. Kxh5 0-1

[Event "Michigan Amateur"]
[Site "Kalamazoo "]
[Date "1998.??.??"]
[Round "?"]
[White "Clay, C."]
[Black "Pascoe, Bramwell"]
[Result "0-1"]
[WhiteElo "1605"]
[BlackElo "1605"]
[PlyCount "104"]
[EventDate "1998.07.??"]

{7/19} 1. e4 e5 2. Nc3 Nf6 3. Nf3 Nc6 4. Bb5 Nd4 5. Be2 d6 6. O-O Bg4 7. d3 g6
8. Bg5 Bg7 9. Nd5 c6 10. Bxf6 Bxf6 11. Nxf6+ Qxf6 12. Nxd4 Bxe2 13. Nxe2 O-O
14. Qd2 Rad8 15. Nc3 d5 16. exd5 cxd5 17. Nb5 a6 18. Nc3 d4 19. Ne2 Rfe8 20.
Rab1 e4 21. dxe4 Rxe4 22. f3 Re6 23. Qf4 Qe7 24. Ng3 Qc5 25. Kh1 Qxc2 26. Qc1
d3 27. Qxc2 dxc2 28. Rbc1 Red6 29. Rxc2 Rd1 30. Kg1 R8d2 31. Rxd1 Rxd1+ 32. Kf2
h5 33. Ne4 Kg7 34. h4 Rh1 35. g3 Rh2+ 36. Ke3 Rxc2 37. Nd6 Rxb2 38. Kf4 b5 39.
Ne8+ Kh6 40. g4 Rxa2 41. g5+ Kh7 42. Nf6+ Kg7 43. Ne8+ Kf8 44. Nf6 b4 45. Nh7+
Kg7 46. Nf6 b3 47. Ne4 b2 48. Nc3 Ra3 49. Nb1 Rd3 50. Ke4 Rd1 51. Nc3 b1=Q+ 52.
Nxb1 Rxb1 0-1

[Event "Michigan Amateur"]
[Site "Kalamazoo "]
[Date "1998.??.??"]
[Round "?"]
[White "Clay, C."]
[Black "Morris, D."]
[Result "1-0"]
[WhiteElo "1605"]
[BlackElo "1605"]
[PlyCount "115"]
[EventDate "1998.07.??"]

{7/18} 1. e4 e5 2. Nc3 Nf6 3. Nf3 Nc6 4. Bc4 Bc5 5. O-O O-O 6. d3 d6 7. Bg5 Bg4
8. h3 Bxf3 9. Qxf3 Nd4 10. Qd1 c6 11. Ne2 d5 12. exd5 cxd5 13. Bb3 Be7 14. Nxd4
exd4 15. Re1 Re8 16. Bxf6 Bxf6 17. Rxe8+ Qxe8 18. Bxd5 Qb5 19. Bb3 Qf5 20. Qf3
Qb5 21. Qd5 Qxd5 22. Bxd5 Rb8 23. Re1 b6 24. b4 Rd8 25. b5 g6 26. Bc4 Bh4 27.
Re4 Bg5 28. Rg4 Be7 29. Rf4 Rf8 30. Rxd4 Bc5 31. Rd7 a5 32. bxa6 Kg7 33. Rxf7+
Rxf7 34. Bxf7 b5 35. Be8 b4 36. Kf1 h5 37. Ke2 Kf6 38. Kf3 Kg5 39. Ke4 h4 40.
Kd5 Ba7 41. Kc4 Kf6 42. Kxb4 Ke7 43. Bxg6 Kd7 44. Kc4 Kc7 45. f4 Kc6 46. f5 Bc5
47. f6 Kb6 48. d4 Bd6 49. Kd5 Bf8 50. Bd3 Kc7 51. Ke6 Bd6 52. Kf7 Kc8 53. Kg8
Bb4 54. d5 Bc5 55. f7 Kc7 56. f8=B Kb6 57. Bxc5+ Kc7 58. a7 1-0

[Event "Michigan Open Reserve"]
[Site "Flint, MI"]
[Date "1998.??.??"]
[Round "?"]
[White "Clay, C."]
[Black "Aldrich, Justin"]
[Result "0-1"]
[WhiteElo "1605"]
[BlackElo "1605"]
[PlyCount "56"]
[EventDate "1998.09.??"]

1. e4 e5 2. Nc3 Bc5 3. f4 exf4 4. Nf3 Nc6 5. d4 Bb6 6. Bc4 d6 7. O-O Bg4 8.
Bxf4 Bxd4+ 9. Kh1 Nge7 10. Bxf7+ Kxf7 11. Ng5+ Ke8 12. Qxg4 Qd7 13. Qxd7+ Kxd7
14. Bd2 a6 15. a3 Rae8 16. Rae1 Bf6 17. b4 Ne5 18. Nd5 Nxd5 19. exd5 Nc4 20.
Bc1 h6 21. Ne4 Be5 22. Nd2 Nb6 23. c4 Rhf8 24. g3 Bc3 25. Kg2 Rxe1 26. Rxe1
Nxc4 27. Re2 Nb6 28. Nc4 Nxc4 0-1

[Event "Michigan Open"]
[Site "Flint, MI"]
[Date "1998.??.??"]
[Round "?"]
[White "Ciaffone, Bob"]
[Black "Ward, Tom"]
[Result "1/2-1/2"]
[WhiteElo "2200"]
[BlackElo "2175"]
[PlyCount "53"]
[EventDate "1998.09.??"]

{9/7} 1. d4 Nf6 2. Nf3 e6 3. g3 d5 4. Bg2 Be7 5. c4 O-O 6. O-O c6 7. Nc3 Nbd7
8. b3 b6 9. Bb2 Bb7 10. Ne5 Nxe5 11. dxe5 Nd7 12. cxd5 cxd5 13. e4 d4 14. Nb5
Nxe5 15. Qxd4 Bf6 16. Kh1 a6 17. f4 Nd3 18. e5 Bxg2+ 19. Kxg2 Nxb2 20. Nd6 Be7
21. Rab1 Ra7 22. Rxb2 Rd7 23. Rd2 Qa8+ 24. Kh3 Qc6 25. Rfd1 Rfd8 26. Qc4 Qxc4
27. Nxc4 1/2-1/2

[Event "Michigan Open"]
[Site "Flint, MI"]
[Date "1998.??.??"]
[Round "?"]
[White "Ciaffone, Bob"]
[Black "Turgut, Tansel"]
[Result "1/2-1/2"]
[WhiteElo "2200"]
[BlackElo "2360"]
[PlyCount "112"]
[EventDate "1998.09.??"]

{9/6} 1. e4 e5 2. Nf3 Nc6 3. d4 exd4 4. Nxd4 Nf6 5. Nxc6 dxc6 6. Qxd8+ Kxd8 7.
f3 Be6 8. Be3 Nd7 9. Nd2 Bd6 10. Bc4 Bxc4 11. Nxc4 Nb6 12. Na5 Bb4+ 13. Bd2
Bxa5 14. Bxa5 c5 15. Rd1+ Ke7 16. Kf2 Rhd8 17. Rhe1 Rd4 18. Bc3 Rxd1 19. Rxd1
f6 20. b3 a5 21. h4 a4 22. h5 axb3 23. axb3 Ra2 24. Rd2 c4 25. Ke2 c5 26. g4
Ra3 27. Bb2 Ra2 28. Bc3 Ke6 29. g5 Ra3 30. gxf6 gxf6 31. Bb2 Ra2 32. Bc3 cxb3
33. cxb3 Ra3 34. Rb2 c4 35. bxc4 Na4 36. Bb4 Nxb2 37. Bxa3 Nxc4 38. Bc1 f5 39.
Kd3 Ne5+ 40. Ke3 fxe4 41. Kxe4 Nd7 42. Kd4 Kf5 43. Kc4 Nf6 44. h6 Kg6 45. Kc5
Ng8 46. Kb6 Nxh6 47. Kxb7 Nf5 48. Kc6 Nh4 49. Kd5 Kf5 50. Kd4 Nxf3+ 51. Ke3 Ne5
52. Ke2 h5 53. Kf1 Kg4 54. Kg2 h4 55. Ba3 h3+ 56. Kh2 Nf3+ 1/2-1/2